Die besten Torschützen in der Geschichte von Athletic Club - Statistiken

Allgemein
  • Dieses Quiz wurde 5 mal gespielt
  • Das Durchschnittsergebnis liegt bei 1 aus 10
Antwortstatistiken
Tore Nationalität Spieler % Korrekt
170 Spanien Aritz Aduriz
100%
116 Spanien Fernando Llorente
20%
113 Spanien Bata
0%
130 Spanien Eneko Arieta
0%
120 Spanien Guillermo Gorostiza
0%
121 Spanien Ismael Urzaiz
0%
172 Spanien José Panizo
0%
145 Spanien Piru Gaínza
0%
111 Spanien Rafael Iriondo
0%
335 Spanien Telmo Zarra
0%
Keine übereinstimmenden Quizze gefunden
Verteilung der Resultate
Anzahl Personen mit jedem Resultat
Perzentil nach korrekt beantworteten Fragen
Ihre Resultats-Entwicklung
Sie haben dieses Quiz noch nicht gespielt